000 00383cam a2200157ua 4500
003 OSt
008 250506b |||||||| |||| 00| 0 eng d
041 _aeng
082 _a624.17
_bBRO/ST
100 _aBrooks, W H .
_97471
245 _aStrength and elasticity of materials, Vol 3 /
250 _a1 /
260 _aLondon :
_bMcDonald ,
_c1963.
300 _a286 ; .
942 _cBK
999 _c5639
_d5639